| 000 | 00961cam a2200181ua 4500 | ||
|---|---|---|---|
| 020 | _c1.50 | ||
| 041 |
_ahin _h |
||
| 082 |
_a891.54 _bDAK/PR |
||
| 110 | 1 |
_aDakshin Bharat Hindi Prachar Sabha . _b _c(Chennai, Tamil Nadu ) |
|
| 245 |
_aPrakash ki or / _cDakshin Bharat Hindi Prachar Sabh. _hTextual Documents |
||
| 250 |
_a3 / _b. |
||
| 260 |
_aChennai : _bDakshin Bharat Hindi Prachar Sabha , _c1960. |
||
| 300 | _a121 ; . | ||
| 365 | _a1.50 | ||
| 504 | _a | ||
| 942 | _cBK | ||
| 999 |
_c8129 _d8129 |
||